Así nos gobernamos / (Record no. 177498)

MARC details
000 -LEADER
campo de control de longitud fija 01074nam a2200253 i 4500
001 - NÚMERO DE CONTROL
campo de control 177498
003 - IDENTIFICADOR DE NÚMERO DE CONTROL
campo de control ES-MaACL
005 - FECHA Y HORA DE LA ÚLTIMA TRANSACCIÓN
campo de control 20250712024243.0
008 - DATOS DE LONGITUD FIJA--INFORMACIÓN GENERAL
campo de control de longitud fija 110329s1964 sp |||| | spa d
080 ## - NÚMERO DE LA CLASIFICACIÓN DECIMAL UNIVERSAL
Número de la Clasificación Decimal Universal 32(460)"19"
100 1# - ENTRADA PRINCIPAL--NOMBRE DE PERSONA
Nombre de persona Robles Piquer, Carlos,
Fechas asociadas al nombre 1925-2018
9 (RLIN) 97951
245 10 - MENCIÓN DEL TÍTULO
Título Así nos gobernamos /
Mención de responsabilidad, etc. Carlos Robles Piquer.
260 ## - PUBLICACIÓN, DISTRIBUCIÓN, ETC.
Lugar de publicación, distribución, etc. Madrid :
Nombre del editor, distribuidor, etc. Ateneo :
-- Editora Nacional,
Fecha de publicación, distribución, etc. 1964.
300 ## - DESCRIPCIÓN FÍSICA
Extensión 24 p. ;
Dimensiones 20 cm.
490 1# - MENCIÓN DE SERIE
Mención de serie Colección Ateneo ;
Designación de volumen o secuencia 15
594 ## - Nota al título y mención de responsabilidad
Nota al título y mención de responsabilidad Conferencia pronunciada por el Director General de Información en la inauguración de curso del Ateneo Mercantil de Valencia, el jueves 5 de diciembre de 1963.
651 ## - PUNTO DE ACCESO ADICIONAL DE MATERIA--NOMBRE GEOGRÁFICO
Nombre geográfico España-
Subdivisión general Política y gobierno-
Subdivisión cronológica S.XX.
9 (RLIN) 145878
710 2# - ENTRADA AGREGADA--NOMBRE DE ENTIDAD CORPORATIVA
Nombre de entidad corporativa o nombre de jurisdicción como elemento de entrada Ateneo Mercantil (Valencia)
9 (RLIN) 2050
710 2# - ENTRADA AGREGADA--NOMBRE DE ENTIDAD CORPORATIVA
Nombre de entidad corporativa o nombre de jurisdicción como elemento de entrada Ateneo de Madrid.
9 (RLIN) 1875
830 0# - PUNTO DE ACCESO ADICIONAL DE SERIE-TÍTULO UNIFORME
Título uniforme Colección Ateneo ;
Designación de volumen o secuencia 15
9 (RLIN) 180032
852 ## - LOCALIZACIÓN
Ubicación ES-MaACL
Número de control de estantería A-6238 (15)
Encuadernación Olim P-512-bis
Nota libre - En lomo: 12-22
852 ## - LOCALIZACIÓN
Ubicación ES-MaACL
Número de control de estantería P-211-Ter-2-4
Nota libre - En lomo: 12-22
-- - Enc. con otros títulos
Holdings
Estatus retirado Estado de pérdida Estado de daño No para préstamo Biblioteca de origen Biblioteca actual Ubicación en estantería Fecha de adquisición Fuente de adquisición Total de préstamos Signatura topográfica completa Código de barras Visto por última vez Precio de reemplazo Tipo de ítem Koha
        Biblioteca del Ateneo de Madrid Biblioteca del Ateneo de Madrid Depósito 2 04/01/2019     P-211-Ter-2-4 1199565 23/02/2023 23/02/2023 Libro impreso
        Biblioteca del Ateneo de Madrid Biblioteca del Ateneo de Madrid Sala Pecera Planta 1 29/03/2011     A-6238 (15) 1186435 23/02/2023 23/02/2023 Libro impreso